Orígenes del español; estado lingüístico de la península ibérica hasta el siglo xi /

Guardado en:
Autor Principal: Menéndez Pidal, Ramón
Formato: Libro
Publicado: Madrid : Espasa-calpe, 1950
Edición:3a. ed.
Materias:
Etiquetas: Agregar Etiqueta
Sin Etiquetas, Sea el primero en etiquetar este registro!
LEADER 00622nam a22002055a 4500
001 CEM.cems004308
005 20060216000000.0
008 130507s1950##################000#0#####d
003 CEMS
082 0 4 |a 460.9 
100 1 |a Menéndez Pidal, Ramón 
245 1 0 |a Orígenes del español; estado lingüístico de la península ibérica hasta el siglo xi / 
250 |a 3a. ed. 
260 |a Madrid :  |b Espasa-calpe,  |c 1950 
300 |a 592 p. 
653 |a Dialectos españoles 
653 |a Español 
653 |a Español-gramática 
653 |a Español-origen 
859 |a CEMS  |b BIB. CEMS - 11 de abril  |h 460.9  |i M524-1a3  |p 4816.76  |t Ej.1